000 nam a22 7a 4500
999 _c51644
_d51644
003 OSt
005 20220412152744.0
008 220412b xxu||||| |||| 00| 0 eng d
040 _cSEROSOFT
100 _aBARE ACT
245 _aTHE CONSTITUTION OF INDIA
260 _aALP
300 _a251
942 _2ddc
_c01